| 000 | 02681nam a2200433Ii 4500 | ||
|---|---|---|---|
| 001 | DIGBIN00514 | ||
| 003 | NyNyDIG | ||
| 006 | m d | ||
| 007 | cr ||||||||||| | ||
| 008 | 100625s2005 sp ob 100 0 spa d | ||
| 020 | _z8497424751 | ||
| 020 | _z9788497424752 | ||
| 035 | _a(OCoLC)888255227 | ||
| 040 |
_aDGITA _beng _epn _cDGITA |
||
| 043 | _ae-sp--- | ||
| 050 | 0 | 4 | _aLC116.S7 eBook |
| 245 | 0 | 0 |
_aLaicidad, educación y democracia / _cPatricio de Blas Zabaleta (coord.) ; Manuel-Reyes Mate ... [et al.]. |
| 264 | 1 |
_aMadrid : _bBiblioteca Nueva, _c2005. |
|
| 300 | _a1 online resource (253 pages) | ||
| 336 |
_atext _btxt _2rdacontent |
||
| 337 |
_acomputer _bc _2rdamedia |
||
| 338 |
_aonline resource _bcr _2rdacarrier |
||
| 490 | 1 |
_aBiblioteca de la nueva educación ; _v14 |
|
| 500 | _aSeminar held at Escuela Julián Besteiro. | ||
| 505 | 0 | _aPrólogo / Cándido Méndez -- Presentación / Patricio de Blas Zabaleta -- I. Religión o laicidad / Manuel-Reyes Mate -- II. El laicismo y la escuela / Luis Gómez Llórente -- III. Laicidad e interculturalidad. Perspectivas de futuro / Luis M.a Cifuentes Pérez -- IV. Los fines de la enseñanza ¿Puede ser laica, multicultural, equitativa y eficaz? El ejemplo de Francia / Agnés Van Zanten -- V. La Educación en el Estado laico: el marco constitucional español en perspectiva histórica y comparada / Gregorio Cámara Villar -- VI. La enseñanza de la religión en el sistema educativo español / Gustavo Suárez Pertierra -- VIL Catcquesis o estudio del hecho religioso. Otra perspectiva creyente / José Luis Corzo Toral -- Conclusiones / Colectivo Lorenzo Luzuriaga -- Apéndices: A. Informe para el Presidente de la República. Comisión de Reflexión sobre la aplicación del Laicismo en la República / Bernard Stassi -- B. La Religión en la Educación Secundaria (índice de legislación recopilado / Patricio de Blas Zabaleta) -- Bibliografía / Aurora Ruiz -- Relación de integrantes del colectivo Lorenzo Luzuriaga. | |
| 504 | _aIncludes bibliographical references (pages [251]-253). | ||
| 650 | 0 |
_aReligion in the public schools _zSpain _vCongresses. |
|
| 650 | 0 |
_aLaicism _zSpain _vCongresses |
|
| 655 | 0 | _aElectronic books. | |
| 700 | 1 | _aBlas, Patricio de | |
| 700 | 1 | _aMate, Reyes | |
| 710 | 2 | _aEscuela Julián Besteiro (Unión General de Trabajadores de España) | |
| 791 | 2 |
_aDigitalia (Firm), _edistributor. |
|
| 830 | 0 |
_aBiblioteca de la nueva educación ; _v14. |
|
| 793 | 0 |
_gDigitalia eBook Collection: _aBiblioteca Nueva |
|
| 856 | 4 | 0 |
_3Digitalia Hispánica _uhttps://www.digitaliapublishing.com/a/5261/ |
| 910 | _aPremium Collection: 2007-2012 | ||
| 942 | _cRAA | ||
| 999 |
_c231106 _d231106 |
||